A study of young people : a report.

Bibliographic Details
Corporate Author: Doyle Dane Bernbach Inc
Format: Book
Language:English
Published: New York, [publisher not identified] ; [1966]
Subjects:

MARC

Tag First Indicator Second Indicator Subfields
LEADER 00000cam a2200000 4500
001 in00000460713
005 20151012093849.0
008 740318s1966 nyu 00000 eng d
035 |a (OCoLC)00833108 
035 |9 ABY8937AM 
040 |c STU  |d TXA  |d UtOrBLW 
049 |a TXAM  |c [854490] 
090 |a HQ796  |b .D6 
110 2 |a Doyle Dane Bernbach Inc. 
245 1 2 |a A study of young people :  |b a report. 
264 1 |a New York,  |b [publisher not identified] ;  |c [1966] 
264 4 |c ©1966 
300 |a 55 pages ;  |c 22 cm. 
336 |a text  |b txt  |2 rdacontent 
337 |a unmediated  |b n  |2 rdamedia 
338 |a volume  |b nc  |2 rdacarrier 
650 0 |a Youth. 
650 0 |a Self. 
999 |a MARS 
999 f f |s 153e8a45-9cf5-3e92-ae5c-bf110709a5d5  |i 077cab59-12c8-3922-80d9-5dbaa9b84b16  |t 0 
952 f f |p normal  |a Texas A&M University  |b College Station  |c Sterling C. Evans Library  |d Evans: Library Stacks  |t 0  |e HQ796 .D6  |h Library of Congress classification  |i unmediated -- volume  |m A14802970305 
998 f f |a HQ796 .D6  |t 0  |l Evans: Library Stacks